| 000 | 00619nmm a2200241 a 4500 | ||
|---|---|---|---|
| 003 | AR-BaBNM | ||
| 005 | 20251128211754.0 | ||
| 008 | 046020s2005 ||||||||||||||000 | spa|| | ||
| 020 | _a987-514-095-3 | ||
| 040 | _cAR-BaBNM | ||
| 100 | 1 | _aAlonso de Rocha, Aurora | |
| 245 | 1 | 0 |
_aInmigrantes _bsociedad anónima |
| 250 | _a1ª ed. | ||
| 260 |
_aBuenos Aires _bEditorial Leviatán _c2005 |
||
| 300 | 0 | _a311 p. | |
| 650 | 4 | _aHISTORIA ARGENTINA | |
| 650 | 4 | _aHISTORIA SOCIAL | |
| 650 | 4 | _aINMIGRANTES | |
| 650 | 4 | _aSIGLO DIECINUEVE | |
| 650 | 4 | _aINMIGRACION EN ARGENTINA | |
| 942 | _cBK | ||
| 998 | _cme-solo cat | ||
| 999 |
_c21042 _d21042 |
||